000 00443nam a2200157Ia 4500
005 20250429115228.0
008 231217s9999 xx 000 0 und d
020 _a9781556154843
082 _a001.6424 MCC;3
100 _aMcConnell, Steve.
245 0 _aCode complete : a practical handbook of software construction
260 _c1993
_bMicrosoft Press
_aUS
300 _axviii+156
650 _aCode,software,construction
942 _cAA
999 _c182651
_d182651